000 01608nas a2200277Ia 4500
001 R050-R9744
003 IT-CnALBA
008 170116c99999999xx |||||||||||| ||und||
040 _aIT-CnALBA
_cIT-CnALBA
041 _aPOLIGLOTTA
100 _aGIAMBERARDINI P. GABRIELE
210 _aDIVUS THOMAS
222 _aDIVUS THOMAS
245 0 _aDIVUS THOMAS. COMMENTARIUM DE PHILOSOFIA ET THEOLOGIA. A. LI. GENNAIO DICEMBRE 1948.
250 _a1a ed.
260 _a PIACENZA
_bCOLLEGIO ALBERONI
_c1948 [1° Ed.:1948 - Ed.Ling.Originale: 1948]
300 _a392 p.
310 _aSEMESTRALE
362 _aFascicolo: 1-2 / Anno: 51 (1948)
500 _aHENZE M. C. ROSSI A. IL DOLORE LA MORTE E LA RISURREZIONE DEL VERBO INCARNATO. SECONDO S. ILARIO DI POITIER. DISCUSSIO SULLA DOTTRINA DI GAETANO CIRCA LA INDIVIDUAZIONE DEI CORPI. ALL'ANNUNZIAZIONE LA VERGINE GIA' SPOSATA E COABITANTE CON S. GIUSEPPE. METODI E RISULTATI RELATIVI ALLA STORIA DELLA FILOSOFIA. RACCOLTE. GIUDIZIO SULLE OPERE. BIBLIOGRAFIA. ANNUNZI VARI.
501 _aSocietà San Paolo EM - Piazza San Paolo, 14 - 12051 ALBA (CN) (non commercial uses only) ® Copyright 2017
520 _aHENZE M. C. ROSSI A. IL DOLORE LA MORTE E LA RISURREZIONE DEL VERBO INCARNATO. SECONDO S. ILARIO DI POITIER. DISCUSSIO SULLA DOTTRINA DI GAETANO CIRCA LA INDIVIDUAZIONE DEI CORPI. ALL'ANNUNZIAZIONE LA VERGINE GIA' SPOSATA E COABITANTE CON S. GIUSEPPE. METODI E RISULTATI RELATIVI ALLA STORIA DELLA FILOSOFIA. RACCOLTE. GIUDIZIO SULLE OPERE. BIBLIOGRAFIA. ANNUNZI VARI.
650 _aTEOLOGIA - FILOSOFIA
942 _cCR
957 _71
999 _a61311
_bSI
_g1
_c328337
_d328337